Normal view
MARC view
- Aproximación interdisciplinaria en educación
Entry Materia
001 - NÚMERO DE CONTROL DEL REGISTRO
- campo de control: 3030
003 - IDENTIFICADOR DE NUMERO DE CONTROL
- campo de control: MX-MxUPN
005 - FECHA Y HORA DE LA ÚLTIMA TRANSACCIÓN
- campo de control: 20231101153726.0
008 - DATOS DE LONGITUD FIJA
- campo de control de longitud fija: 231101n||acnnnbabn | ana |d
035 ## - NÚMERO DE CONTROL DEL SISTEMA
- Número de control del sistema: UPN10000003030
040 ## - FUENTE DE LA CATALOGACIÓN
- Centro catalogador de origen: MX-MxUPN
- Lengua de catalogación: spa
- Agencia de transcripción: MX-MxUPN
046 ## - FECHAS CON CODIFICACIÓN ESPECIAL
- Fecha final para contenidos agregados: 2023
150 ## - ENCABEZAMIENTO - TEMÁTICO
- Término de materia o nombre geográfico como elemento inicial: Aproximación interdisciplinaria en educación
450 ## - VÉASE - MATERIA
- Encabezamiento temático: Interdisciplinariedad en educación
670 ## - FUENTE EN LA QUE SE LOCALIZARON DATOS
- Cita de la fuente: A
902 ## - CATALOGADOR
- Catalogador: MMA/071003
